Prečo majú kresťania slúžiť v armáde a polícii

Bibliographic Details
Main Author: Kišš, Igor, 1932-2018 (Author)
Format: Article
Language:Slovak
ISSN:0139-8768
Subjects:

MARC

LEADER 00000nab a2200000 a 4500
001 vtls000797579
003 SK-MaSNL
005 20260303212433.0
008 140402c2002 xo 0 slo
015 |a SNBRB2002/06-19964 
035 |a CLN000149234 
040 |a SNKBUCL  |b slo  |c SNKBUCL  |e AACR2 
041 0 |a slo 
044 |a xo  |c SK 
080 |a 284.1:355.311.1(437.6)  |2 1997 
080 |a 355.311.1(437.6)  |2 1997 
080 |a 351.74(437.6)  |2 1997 
100 1 |a Kišš, Igor,  |d 1932-2018  |4 aut  |9 89390 
245 1 0 |a Prečo majú kresťania slúžiť v armáde a polícii  |c Igor Kišš 
610 2 7 |a Evanjelická cirkev a.v  |2 snkbucl  |9 32425 
630 0 7 |a Duchovná a náboženská služba v Armáde SR  |2 snkbucl  |9 1245189 
650 0 7 |a duchovná služba v armáde  |2 snkbucl  |9 15408 
655 7 |a články z novín a časopisov  |2 snkbucl  |9 267496 
773 0 |t Evanjelický posol spod Tatier  |g Roč. 92, č. 19 (2002), s. 8-9  |x 0139-8768 
850 |a Slovenská národná knižnica v Martine 
852 |a SNK  |b KIS3GCP 
958 |a SK 
992 |a RBX 
999 |c 2207380  |d 2209310